000 01044nam a2200241Ia 4500
003 IN-BaIIA
008 211028s9999 xx 000 0 eng d
020 _a1-58381-130-3
040 _cIIA Library
080 _a082.2:52
_bASP-287
111 _aInternational Astronomical Observatories in Chile Workshop
_cChile
_d2002 Mar. 11-15
_928967
245 0 _aGalactic star formation across the stellar mass spectrum
_bproceedings of the 2002 international astronomical observatories in Chile workshop held in La Sarena, Chile, 11-15 Mar 2002
_cedited by J. M. De Buizer and N. S. van der Bliek
260 _aSan Francisco
_bAstronomical Society of the Pacific
_c2003
300 _axix, 507p.
490 _aASP conference series; v. 287
650 _aEnergetics
_928968
650 _aMolecular clouds
_911776
650 _aStar formation
700 _aDe Buizer, J. M., ed.
_928969
700 _avan der Bliek, N. S., ed.
_928970
710 _aAstronomical Society of the PacificĀ 
_922919
942 _cBK
999 _c15714
_d15714